[Event "Ogolnopolska Olimpiada Mlodziezy w Sportach Umyslowych - C12"]
[Site "Walbrzych, Zamek Ksiaz"]
[Date "2013-04-18"]
[Round "4.12"]
[White "Pytel, Maciej"]
[Black "Kubiak, Jakub"]
[Result "1-0"]
[WhiteTitle "II"]
[BlackTitle "II+"]
[WhiteElo "1616"]
[BlackElo "1492"]

1. e4 c5 2. Nf3 d6 3. d4 cxd4 4. Nxd4 Nf6 5. Nc3 a6 6. Be2 e5 7. Nb3 Be7 8. O-O
O-O 9. Kh1 b5 10. a3 Bb7 11. Bd3 Nbd7 12. f4 exf4 13. Bxf4 Ne5 14. Bxe5 dxe5 15.
Qe1 b4 16. axb4 Bxb4 17. Rd1 Qe7 18. Qh4 Bxc3 19. bxc3 a5 20. Ra1 a4 21. Nd2 Rfc8
22. Nc4 Qe6 23. Qg5 Nd7 24. Ne3 f6 25. Qg3 Kh8 26. c4 Nb6 27. Rfb1 a3 28. Nd5
Bxd5 29. exd5 Nxd5 30. cxd5 Qxd5 31. Qh4 h6 32. Be4 Qd4 33. Qg4 Ra4 34. Qxc8+
1-0

[Event "Ogolnopolska Olimpiada Mlodziezy w Sportach Umyslowych - C12"]
[Site "Walbrzych, Zamek Ksiaz"]
[Date "2013-04-18"]
[Round "4.13"]
[White "Blocinski, Maciej"]
[Black "Muzyka, Dominik"]
[Result "0-1"]
[WhiteTitle "II+"]
[BlackTitle "II"]
[WhiteElo "1444"]
[BlackElo "1610"]

1. d4 Nf6 2. c4 g6 3. Nc3 Bg7 4. e4 d6 5. f4 O-O 6. Nf3 c5 7. d5 e6 8. Be2 exd5
9. cxd5 Bg4 10. O-O Re8 11. Qc2 Bxf3 12. Bxf3 Na6 13. a3 c4 14. Be3 Qa5 15. Qf2
Nd7 16. Rad1 Nac5 17. Qh4 Nd3 18. Rb1 Nxb2 19. Rxb2 Qxc3 20. Re2 Qxa3 21. Qf2
Qb3 22. Bd4 Bxd4 23. Qxd4 Qd3 24. Qb2 Nc5 25. Rfe1 c3 26. Qc2 Qd4+ 27. Kh1 b5
28. Rd1 Qc4 29. Re3 b4 30. Be2 Qb3 31. Qxb3 Nxb3 32. Rb1 c2 33. Rexb3 cxb1=Q+
34. Rxb1 Rxe4 35. Bf3 Rxf4 36. Kg1 Rb8 37. Kf2 b3 38. Ke3 Rc4 39. Kd3 Rc5 40.
h3 b2 41. Kd2 a5 42. Be4 a4 0-1

[Event "Ogolnopolska Olimpiada Mlodziezy w Sportach Umyslowych - C12"]
[Site "Walbrzych, Zamek Ksiaz"]
[Date "2013-04-18"]
[Round "4.14"]
[White "Rak, Maciej"]
[Black "Tustanowski, Mateusz"]
[Result "0-1"]
[WhiteTitle "III"]
[BlackTitle "II+"]
[WhiteElo "1352"]
[BlackElo "1602"]

1. e4 e5 2. Nf3 Nc6 3. Bb5 f5 4. d3 fxe4 5. dxe4 Nf6 6. O-O Bc5 7. Bg5 d6 8. Nc3
Bg4 9. Nd5 O-O 10. Nxf6+ gxf6 11. Bh6 Re8 12. h3 Bxf3 13. Qxf3 Kh8 14. Bxc6 bxc6
15. Be3 Bb6 16. Rad1 Rg8 17. Bxb6 axb6 18. a3 Rg6 19. Qe2 Qd7 20. Kh2 Rag8 21.
f4 Qg7 22. Rd2 Rg3 23. Rf3 exf4 24. Qf2 Qg5 25. Qf1 Rxf3 26. Qxf3 Qg3+ 27. Qxg3
fxg3+ 28. Kg1 h5 29. Rd3 Rg5 30. Rf3 Kg7 31. Kf1 Kf7 32. Rf5 Rxf5+ 33. exf5 Kg7
34. h4 c5 35. Ke2 d5 36. Kf3 c4 37. Kxg3 c5 38. Kf3 d4 39. Ke4 Kf7 40. b4 cxb3
41. cxb3 Ke7 42. Kd3 Kd6 43. Kc4 Ke5 44. Kd3 b5 45. a4 bxa4 46. bxa4 Kd5 47. a5
c4+ 48. Kc2 Kc6 49. a6 Kb6 50. a7 Kxa7 51. g4 hxg4 52. h5 g3 53. h6 g2 54. h7
g1=Q 55. h8=Q Qf2+ 56. Kd1 Qf1+ 57. Kd2 c3+ 58. Kc2 Qxf5+ 59. Kb3 Qb1+ 60. Kc4
c2 61. Qh7+ Qb7 62. Qxc2 Qc6+ 63. Kd3 Qxc2+ 64. Kxc2 Kb6 0-1

[Event "Ogolnopolska Olimpiada Mlodziezy w Sportach Umyslowych - C12"]
[Site "Walbrzych, Zamek Ksiaz"]
[Date "2013-04-18"]
[Round "4.15"]
[White "Paliszewski, Dominik"]
[Black "Twardowski, Hubert"]
[Result "1/2-1/2"]
[WhiteTitle "II"]
[BlackTitle "II"]
[WhiteElo "1600"]
[BlackElo "1353"]

1. e4 e5 2. Nf3 Nc6 3. Bb5 a6 4. Ba4 Nf6 5. d3 Bc5 6. c3 b5 7. Bc2 d6 8. h3 Bb7
9. Nbd2 O-O 10. Nf1 Ne7 11. Ng3 Ng6 12. Nh2 Re8 13. Ng4 h6 14. Nf5 Bc8 15. Qf3
Bxf5 16. Qxf5 Nh4 17. Nxf6+ Qxf6 18. Qxf6 gxf6 19. g3 Ng6 20. Bxh6 Kh7 21. Bd2
Kg7 22. h4 Rh8 23. Bd1 Rag8 24. h5 Ne7 25. h6+ Kh7 26. Bh5 Rf8 27. Ke2 f5 28.
exf5 Nxf5 29. g4 Nxh6 30. Rag1 Kg7 31. Rg2 Ng8 32. f4 Nf6 33. b4 Bb6 34. Kf3 Rfg8
35. f5 Kf8 36. Rgh2 d5 37. g5 e4+ 38. Kf4 c6 39. Ke5 Ng4+ 40. Bxg4 Bc7+ 41. Kf6
Rxh2 42. Rxh2 Bxh2 43. dxe4 dxe4 44. g6 fxg6 45. fxg6 Bg3 46. g7+ Rxg7 47. Bh6
Bh4+ 48. Ke5 e3 49. Ke4 Bg5 50. Bxg7+ Kxg7 51. Kd3 Bf6 52. Bd7 e2 53. Kxe2 Bxc3
54. Bxc6 Bxb4 55. Bb7 1/2-1/2

[Event "Ogolnopolska Olimpiada Mlodziezy w Sportach Umyslowych - C12"]
[Site "Walbrzych, Zamek Ksiaz"]
[Date "2013-04-18"]
[Round "4.17"]
[White "Pacan-milej, Kosma"]
[Black "Miszkielo, Bartosz"]
[Result "1-0"]
[WhiteTitle "II"]
[BlackTitle "II+"]
[WhiteElo "1257"]
[BlackElo "1656"]

1. c4 e5 2. Nc3 Nc6 3. g3 g6 4. Bg2 Bg7 5. b3 f5 6. Bb2 Nf6 7. d3 d6 8. e3 Bd7
9. Nge2 O-O 10. Qd2 Re8 11. O-O h5 12. e4 f4 13. gxf4 Bh6 14. Bc1 Nd4 15. Qb2
Nxe2+ 16. Nxe2 Bg7 17. fxe5 Ng4 18. d4 dxe5 19. d5 Qh4 20. h3 Nf6 21. Kh2 Nxe4
22. Ng1 Nd6 23. Qd2 Qf4+ 24. Kh1 Qxd2 25. Bxd2 e4 26. Rad1 Nf5 27. Rfe1 Bd4 28.
Be3 Bxe3 29. fxe3 Kg7 30. Kh2 g5 31. Re2 g4 32. Rf1 g3+ 33. Kh1 Kg6 34. Rf4 Nd6
35. c5 Nb5 36. Bxe4+ Kg7 37. Rg2 1-0

[Event "Ogolnopolska Olimpiada Mlodziezy w Sportach Umyslowych - C12"]
[Site "Walbrzych, Zamek Ksiaz"]
[Date "2013-04-18"]
[Round "4.18"]
[White "Krawczyk, Piotr"]
[Black "Kokoszczynski, Jan"]
[Result "1-0"]
[WhiteTitle "II"]
[BlackTitle "II"]
[WhiteElo "1439"]
[BlackElo "1623"]

1. d4 f5 2. c4 g6 3. Nc3 Nf6 4. e3 Bg7 5. Nf3 O-O 6. Bd3 d6 7. Qb3 Kh8 8. Bc2 Qe8
9. Nb5 Qd8 10. O-O c6 11. Nc3 Qe8 12. e4 e5 13. d5 cxd5 14. cxd5 a6 15. Ng5 f4
16. Na4 Qe7 17. Nb6 Ra7 18. Nxc8 Rxc8 19. Bd2 Nbd7 20. Ne6 Nc5 21. Nxc5 Rxc5 22.
Bb4 Rc8 23. Bd3 Nd7 24. Rac1 Raa8 25. Rfd1 Bf8 26. Be2 Rab8 27. Ba3 b5 28. Rc6
Rxc6 29. dxc6 Nc5 30. Bxc5 dxc5 31. Rd7 Qf6 32. Qd5 Rc8 33. c7 Be7 34. Qb7 Re8
35. c8=Q Rxc8 36. Qxc8+ Kg7 37. Qc7 Kf7 38. a4 bxa4 39. Bc4+ Kf8 40. Qc8+ Kg7
41. Qe8 Qb6 42. Qxe7+ 1-0

[Event "Ogolnopolska Olimpiada Mlodziezy w Sportach Umyslowych - C12"]
[Site "Walbrzych, Zamek Ksiaz"]
[Date "2013-04-18"]
[Round "4.19"]
[White "Poplawski, Maciej"]
[Black "Gaj, Szymon"]
[Result "1-0"]
[WhiteTitle "II"]
[BlackTitle "II"]
[WhiteElo "1605"]
[BlackElo "1365"]

1. d4 d5 2. c4 e6 3. g3 c6 4. Nd2 f5 5. Bg2 Bd6 6. Nh3 Nf6 7. O-O O-O 8. b3 Nbd7
9. Nf3 Ne4 10. Bf4 Ndf6 11. Bxd6 Qxd6 12. Nf4 g5 13. c5 Qe7 14. Nd3 h5 15. Nfe5
Qg7 16. a4 Nd7 17. f3 Nef6 18. h3 Kh8 19. Kh2 Rg8 20. Ra2 Nxe5 21. Nxe5 Nd7 22.
Nxd7 Bxd7 23. e3 g4 24. hxg4 hxg4 25. Rh1 Qg5 26. fxg4 Qxe3 27. Bf3 Kg7 28. gxf5
Rh8+ 29. Kg2 Rxh1 30. Kxh1 exf5 31. Kg2 Qg5 32. Qd2 Kf6 33. b4 a6 34. Qf4 Qxf4
35. gxf4 Rg8+ 36. Kh1 Rh8+ 37. Rh2 Rxh2+ 38. Kxh2 Be8 39. Kh3 Kg6 40. Kh4 Kh6
41. Be2 Bd7 42. Bh5 Bc8 43. Be8 Be6 44. b5 axb5 45. axb5 cxb5 46. Bxb5 Kg6 47.
Be8+ Kh6 48. Bh5 Bg8 49. Bd1 Be6 50. Ba4 Kg6 51. Bb5 Kh6 52. Be8 Bc8 53. Bf7 Kg7
54. Bxd5 Kg6 55. Kg3 Kf6 56. Bc4 Bd7 57. Kf3 Ke7 58. Ke3 Kd8 59. Kd3 Kc7 60. Bd5
b6 61. Kc4 Bc8 62. Kb5 Bd7+ 63. Kc4 Bc8 64. Kb4 Bd7 65. Bf7 Kc6 66. d5+ Kc7 67.
c6 Bc8 68. Kb5 Kd6 69. Kxb6 Ke7 70. Be6 Bxe6 71. dxe6 Kxe6 72. c7 Kd7 73. Kb7
1-0

[Event "Ogolnopolska Olimpiada Mlodziezy w Sportach Umyslowych - C12"]
[Site "Walbrzych, Zamek Ksiaz"]
[Date "2013-04-18"]
[Round "4.22"]
[White "Wierzbicki, Michal"]
[Black "Ulatowski, Jakub"]
[Result "1/2-1/2"]
[WhiteTitle "II"]
[BlackTitle "II"]
[WhiteElo "1405"]
[BlackElo "1455"]

1. d4 d5 2. Nf3 Nf6 3. e3 e6 4. c4 c6 5. Nc3 Nbd7 6. Bd3 dxc4 7. Bxc4 b5 8. Bd3
Bb7 9. O-O Be7 10. Re1 O-O 11. Ne2 a6 12. Ng3 c5 13. Bd2 cxd4 14. exd4 Qb6 15.
Be3 Qd6 16. Ng5 Qc6 17. Qf3 Qxf3 18. Nxf3 Rac8 19. Rec1 Bd6 20. Rxc8 Rxc8 21.
Rc1 Rxc1+ 22. Bxc1 Bxg3 23. hxg3 Bd5 24. b3 Kf8 25. Bf4 Ke8 26. Ne5 h6 27. Nxd7
Kxd7 28. Be5 Ke7 29. f3 Ne8 30. g4 f6 31. Bf4 Nd6 32. Bxd6+ Kxd6 33. Kf2 Kc6 34.
Ke3 g5 35. Be4 a5 36. g3 Kd6 37. f4 Bxe4 38. Kxe4 a4 39. bxa4 bxa4 40. a3 gxf4
41. gxf4 Kc6 42. Ke3 Kd5 43. Kd3 Kd6 44. Ke4 Kc6 45. Ke3 Kd5 46. Kd3 f5 47. g5
hxg5 48. fxg5 Kd6 49. Ke3 Ke7 50. Kf4 Kf7 51. d5 exd5 52. Kxf5 d4 53. Ke4 Kg6
54. Kxd4 Kxg5 55. Kc4 Kf6 56. Kb4 Ke7 57. Kxa4 Kd7 58. Kb5 Kc8 59. Kb6 Kb8 1/2-1/2

[Event "Ogolnopolska Olimpiada Mlodziezy w Sportach Umyslowych - C12"]
[Site "Walbrzych, Zamek Ksiaz"]
[Date "2013-04-18"]
[Round "5.1"]
[White "Gumularz, Szymon"]
[Black "Kosakowski, Jakub"]
[Result "1-0"]
[WhiteTitle "I+"]
[BlackTitle "I"]
[WhiteElo "1903"]
[BlackElo "1754"]

1. d4 Nf6 2. Nf3 g6 3. c4 Bg7 4. Nc3 d5 5. Qb3 dxc4 6. Qxc4 O-O 7. e4 a6 8. Bf4
c6 9. Be2 b5 10. Qb3 Bb7 11. a4 Qa5 12. e5 Ne4 13. O-O Nxc3 14. bxc3 Qc7 15. Ng5
Nd7 16. Nxf7 Rxf7 17. Qxf7+ Kxf7 18. e6+ Kxe6 19. Bxc7 Nf6 20. Bf3 Kd7 21. Be5
Bh6 22. axb5 axb5 23. Rxa8 Bxa8 24. Ra1 Bb7 25. Ra7 Kc8 26. Bxc6 Bxc6 27. Rc7+
Kd8 28. Rxc6 Nd7 29. f4 Nxe5 30. fxe5 Bd2 31. e6 b4 32. cxb4 Bxb4 33. Kf2 Bd6
34. h3 h5 35. Kf3 g5 36. Ke4 Bf4 37. h4 Bd2 38. hxg5 Bxg5 39. Rc5 1-0

[Event "Ogolnopolska Olimpiada Mlodziezy w Sportach Umyslowych - C12"]
[Site "Walbrzych, Zamek Ksiaz"]
[Date "2013-04-18"]
[Round "5.2"]
[White "Chylewski, Patryk"]
[Black "Lukasiewicz, Krzysztof"]
[Result "1/2-1/2"]
[WhiteTitle "I"]
[BlackTitle "I"]
[WhiteElo "1729"]
[BlackElo "1747"]

1. d4 d5 2. c4 e6 3. Nc3 Nf6 4. Bf4 Be7 5. Nf3 O-O 6. e3 b6 7. cxd5 Nxd5 8. Bg3
Bb7 9. Bd3 Nd7 10. O-O c5 11. Rc1 Bf6 12. Re1 a6 13. a3 Nxc3 14. bxc3 Be7 15.
a4 Nf6 16. Qb3 Bd5 17. Qc2 c4 18. Bf1 Rc8 19. e4 Bb7 20. Rb1 Bc6 21. Ne5 Qe8 22.
Nxc4 Bxa4 23. Qb2 b5 24. Nd6 Qc6 25. Nxc8 Rxc8 26. f3 Nh5 27. Bf2 h6 28. Rec1
Bg5 29. c4 Bxc1 30. Rxc1 bxc4 31. Rxc4 Qd7 32. Rxc8+ Qxc8 33. d5 exd5 34. exd5
Bb5 35. Bxb5 axb5 36. Qd2 Nf6 37. d6 Qc6 38. Bg3 Nd7 39. h3 Qc5+ 40. Kh2 Qf5 41.
Qb4 Kh7 42. Qc3 g6 43. Qd4 h5 44. h4 Kg8 45. Qc3 Kh7 46. Qd4 Kg8 1/2-1/2

[Event "Ogolnopolska Olimpiada Mlodziezy w Sportach Umyslowych - C12"]
[Site "Walbrzych, Zamek Ksiaz"]
[Date "2013-04-18"]
[Round "5.3"]
[White "Lis, Mateusz"]
[Black "Psyk, Radoslaw"]
[Result "0-1"]
[WhiteTitle "II+"]
[BlackTitle "I"]
[WhiteElo "1687"]
[BlackElo "1782"]

1. e4 e6 2. d4 d5 3. e5 c5 4. c3 Nc6 5. Nf3 Qb6 6. a3 c4 7. g3 Bd7 8. Bh3 Na5 9.
Nbd2 Ne7 10. O-O g6 11. Ne1 h5 12. Ng2 O-O-O 13. Ne3 Bh6 14. Bg2 Nf5 15. Nxf5
gxf5 16. f4 Rdg8 17. Nf3 Nb3 18. Rb1 Bf8 19. Be3 Be7 20. Bf2 Rg4 21. h3 Rg7 22.
h4 Qd8 23. Ng5 Ba4 24. Qe2 Na5 25. Bf3 Qg8 26. Be3 Bb3 27. Qf2 Nc6 28. Bd1 Na5
29. Bxb3 cxb3 30. Rfc1 Nc4 31. Qe2 b5 32. Ra1 Qe8 33. Rf1 a5 34. Rad1 a4 35. Bc1
Kb7 36. Qf2 Ka6 37. Kh2 Qd7 38. Qe2 Rh6 39. Rg1 Bd8 40. Rdf1 Qc6 41. Rg2 Nb6 42.
Rff2 Rh8 43. Rf1 Be7 44. Rff2 Ka7 45. Bd2 Nc4 46. Bc1 Kb7 47. Rf1 Kb8 48. Rff2
Ka7 49. Rf1 Nb6 50. Bd2 Ka8 51. Rff2 Kb8 52. Bc1 Kb7 53. Rf1 Ka7 54. Rff2 b4 55.
axb4 Qc4 56. Qd1 Kb7 57. Nf3 Rg4 58. Ng5 Bxg5 59. fxg5 Re4 60. Rf4 Ka6 61. Rxe4
dxe4 62. Qe2 Qxe2 63. Rxe2 Kb5 64. Kg2 Kc4 65. Kf2 Nd5 66. Ke1 Rd8 67. Kd2 a3
68. bxa3 Nxc3 69. Rg2 Rxd4+ 70. Ke3 Rd3+ 71. Kf2 Rd1 72. Bb2 Rd2+ 73. Kf1 e3 74.
Bxc3 Rxg2 75. Kxg2 Kxc3 0-1

[Event "Ogolnopolska Olimpiada Mlodziezy w Sportach Umyslowych - C12"]
[Site "Walbrzych, Zamek Ksiaz"]
[Date "2013-04-18"]
[Round "5.4"]
[White "Posluszny, Tomasz"]
[Black "Szpar, Milosz"]
[Result "1/2-1/2"]
[WhiteTitle "II"]
[BlackTitle "I"]
[WhiteElo "1516"]
[BlackElo "1717"]

1. d4 Nf6 2. c4 g6 3. Nc3 d5 4. cxd5 Nxd5 5. e4 Nxc3 6. bxc3 Bg7 7. Bc4 O-O 8.
Ne2 c5 9. Be3 cxd4 10. cxd4 Nc6 11. f3 e6 12. O-O Qa5 13. Rb1 Rd8 14. f4 Rb8 15.
Qd3 a6 16. Rfd1 b5 17. Bb3 Bb7 18. Qd2 Rd7 19. e5 Rbd8 20. Qxa5 Nxa5 21. Rbc1
Bf8 22. Bd2 Nxb3 23. axb3 Bd5 24. Rb1 b4 25. Rdc1 Be4 26. Ra1 Bd3 27. Kf2 Bxe2
28. Kxe2 Rxd4 29. Be3 Rd3 30. Rcb1 Rc3 31. Rxa6 Rdd3 32. Bf2 Rxb3 33. Rxb3 Rxb3
34. Ra8 Rc3 35. Bh4 Rc7 36. Bg5 f6 37. Bh6 Rf7 38. Rb8 b3 39. Kd3 b2 40. Kc2 fxe5
41. fxe5 g5 42. Kxb2 Rb7+ 43. Rxb7 Bxh6 44. Re7 Bg7 45. h3 Bxe5+ 46. Kc2 Bf4 47.
Rxe6 Kf7 1/2-1/2

[Event "Ogolnopolska Olimpiada Mlodziezy w Sportach Umyslowych - C12"]
[Site "Walbrzych, Zamek Ksiaz"]
[Date "2013-04-18"]
[Round "5.5"]
[White "Woloch, Oskar"]
[Black "Zolkiewski, Jakub"]
[Result "1-0"]
[WhiteTitle "II"]
[BlackTitle "II"]
[WhiteElo "1706"]
[BlackElo "1489"]

1. e4 c5 2. Nc3 e6 3. f4 Nc6 4. Bc4 Nge7 5. Bb3 g6 6. Nf3 Bg7 7. O-O O-O 8. d3
d5 9. Qe1 Nd4 10. Nxd4 cxd4 11. Ne2 dxe4 12. dxe4 b6 13. Ng3 Qc7 14. Bd2 a5 15.
a4 Qc6 16. Rf3 Bd7 17. Kh1 Rad8 18. Qf1 Qb7 19. Qd3 Bc6 20. Rf2 Bd7 21. Re1 Bc8
22. Rff1 Qa8 23. Bc4 Bb7 24. Rf2 Bc6 25. f5 exf5 26. exf5 Nd5 27. b3 Ne3 28. Kg1
Nxc4 29. Qxc4 Bd5 30. Qd3 Qc6 31. Ref1 gxf5 32. Nxf5 Qb7 33. Nxg7 Kxg7 34. Qxd4+
Kg8 35. Bh6 f6 36. Bxf8 Rxf8 37. Rxf6 Rxf6 38. Qxf6 Qg7 39. Qd8+ Qf8 40. Qxf8#
1-0

[Event "Ogolnopolska Olimpiada Mlodziezy w Sportach Umyslowych - C12"]
[Site "Walbrzych, Zamek Ksiaz"]
[Date "2013-04-18"]
[Round "5.6"]
[White "Muzyka, Dominik"]
[Black "Wyczling, Bartosz"]
[Result "1-0"]
[WhiteTitle "II"]
[BlackTitle "II+"]
[WhiteElo "1610"]
[BlackElo "1704"]

1. e4 c5 2. Nf3 d6 3. d4 cxd4 4. Nxd4 Nf6 5. Nc3 a6 6. Be2 e5 7. Nb3 Be7 8. Bg5
Nbd7 9. a4 Qc7 10. Qd3 b6 11. O-O O-O 12. Bxf6 Nxf6 13. Rfd1 Bb7 14. g3 Rac8 15.
Rac1 Rfd8 16. Bf3 Qc6 17. Nd2 Rb8 18. Nf1 b5 19. axb5 axb5 20. Ne3 Bf8 21. Ncd5
Nxd5 22. Nxd5 Rdc8 23. c3 Re8 24. Ra1 Ra8 25. Be2 Rxa1 26. Rxa1 f5 27. Qxb5 fxe4
28. Ne3 Qxb5 29. Bxb5 Ra8 30. Rxa8 Bxa8 31. Bc4+ Kh8 32. Bd5 Bxd5 33. Nxd5 Kg8
34. b4 e3 35. fxe3 Kf7 36. b5 Ke6 37. b6 Kxd5 38. b7 Be7 39. b8=Q Bg5 40. Qb7+
Ke6 41. e4 Be3+ 42. Kg2 h6 43. Qxg7 1-0

[Event "Ogolnopolska Olimpiada Mlodziezy w Sportach Umyslowych - C12"]
[Site "Walbrzych, Zamek Ksiaz"]
[Date "2013-04-18"]
[Round "5.7"]
[White "Sernecki, Franciszek"]
[Black "Kawaler, Adam"]
[Result "1/2-1/2"]
[WhiteTitle "II+"]
[BlackTitle "II+"]
[WhiteElo "1696"]
[BlackElo "1633"]

1. e4 d6 2. d4 Nf6 3. Nc3 g6 4. Nf3 Bg7 5. Be2 O-O 6. O-O c6 7. a4 Nbd7 8. Be3
c5 9. dxc5 Nxc5 10. Bxc5 dxc5 11. Qd3 b6 12. Rad1 Qxd3 13. Bxd3 Bb7 14. Rfe1 Rfd8
15. Nd2 Ng4 16. h3 Ne5 17. Nc4 Nxc4 18. Bxc4 Bxc3 19. Rxd8+ Rxd8 20. bxc3 Rd2
21. Bd3 Bc6 22. c4 Bxa4 23. Rc1 b5 24. cxb5 c4 25. Bxc4 Bxc2 26. Ra1 Rd4 27. Bd5
Ba4 28. Bc6 a6 29. Rb1 Bxb5 30. Bxb5 axb5 31. Rxb5 Rxe4 32. g3 f5 33. Kg2 e5 34.
h4 Re1 35. f3 e4 36. Kf2 Ra1 37. fxe4 Ra2+ 38. Kf3 Ra3+ 39. Kf2 fxe4 40. Re5 Ra2+
41. Ke3 Ra3+ 42. Kf2 Ra4 43. Ke3 Kf7 44. Rxe4 Rxe4+ 45. Kxe4 Ke6 46. Kf4 Kf6 47.
g4 Ke6 48. Ke4 Kf6 1/2-1/2

[Event "Ogolnopolska Olimpiada Mlodziezy w Sportach Umyslowych - C12"]
[Site "Walbrzych, Zamek Ksiaz"]
[Date "2013-04-18"]
[Round "5.8"]
[White "Tustanowski, Mateusz"]
[Black "Garbowski, Jakub"]
[Result "0-1"]
[WhiteTitle "II+"]
[BlackTitle "II+"]
[WhiteElo "1602"]
[BlackElo "1687"]

1. e4 e5 2. Nf3 Nc6 3. Nc3 Nf6 4. a3 h6 5. d4 d6 6. dxe5 Nxe5 7. Nxe5 dxe5 8. Qxd8+
Kxd8 9. Bc4 Be6 10. Bxe6 fxe6 11. f3 a6 12. Be3 Bd6 13. Ke2 Ke7 14. Rhd1 g5 15.
h3 Rhg8 16. Na4 b5 17. Nc5 Nh5 18. Kf2 Nf4 19. Rh1 Rgf8 20. g3 Nh5 21. Nd3 Rf7
22. Kg2 Rg8 23. Bd2 Nf6 24. Bc3 Nd7 25. b4 h5 26. g4 h4 27. a4 Rb8 28. axb5 axb5
29. Ra7 Rff8 30. Rha1 Rb6 31. R1a6 Rfb8 32. Kf2 Kf7 33. Ke2 Ke7 34. Nc5 Nxc5 35.
Rxb6 Rxb6 36. bxc5 Bxc5 37. Rxc7+ Kd6 38. Bxe5+ Kxe5 39. Rxc5+ Kf4 40. Kf2 Rd6
41. Rxb5 Rd2+ 42. Ke1 Rxc2 43. Rb3 Kg3 44. Rb5 Kf4 45. Kd1 Rh2 0-1

[Event "Ogolnopolska Olimpiada Mlodziezy w Sportach Umyslowych - C12"]
[Site "Walbrzych, Zamek Ksiaz"]
[Date "2013-04-18"]
[Round "5.9"]
[White "Pultorak, Jan"]
[Black "Pytel, Maciej"]
[Result "1-0"]
[WhiteTitle "I"]
[BlackTitle "II"]
[WhiteElo "1803"]
[BlackElo "1616"]

1. d4 Nf6 2. Nc3 e6 3. e4 Bb4 4. e5 Nd5 5. Qg4 g6 6. a3 Be7 7. Nxd5 exd5 8. Qf3
c6 9. c4 d6 10. cxd5 Qa5+ 11. Bd2 Qxd5 12. Qxd5 cxd5 13. f4 Nc6 14. Ne2 Bg4 15.
Be3 dxe5 16. dxe5 Bxe2 17. Bxe2 d4 18. Bf2 Rd8 19. O-O-O g5 20. g3 gxf4 21. gxf4
a6 22. Rd3 Rg8 23. Bf3 Na5 24. b4 Nc6 25. Rhd1 f6 26. Bxc6+ bxc6 27. exf6 Bxf6
28. Bxd4 Bxd4 29. Rxd4 Rxd4 30. Rxd4 Rg1+ 31. Kc2 Rg2+ 32. Rd2 Rg4 33. Rf2 Kd7
34. Kc3 Kc7 35. f5 Rg8 36. f6 Rf8 37. f7 Kd6 38. Kc4 Kd7 39. Kc5 Kc7 40. a4 Kd7
41. Kb6 Kd6 42. Kxa6 Kc7 43. Ka7 1-0

[Event "Ogolnopolska Olimpiada Mlodziezy w Sportach Umyslowych - C12"]
[Site "Walbrzych, Zamek Ksiaz"]
[Date "2013-04-18"]
[Round "5.10"]
[White "Raczynski, Krzysztof"]
[Black "Kowalski, Igor"]
[Result "0-1"]
[WhiteTitle "II+"]
[BlackTitle "I"]
[WhiteElo "1593"]
[BlackElo "1824"]

1. e4 c5 2. Nf3 e6 3. d4 cxd4 4. Nxd4 a6 5. c4 Qc7 6. Nc3 Nf6 7. Bd3 Bb4 8. O-O
O-O 9. Qc2 d6 10. Bd2 Bc5 11. Nb3 Ba7 12. Rae1 Nbd7 13. Be3 Bxe3 14. Rxe3 Ne5
15. Nd2 Bd7 16. Rc1 Rac8 17. Rg3 Qb6 18. b3 Rc7 19. Be2 Rfc8 20. Qb2 Kh8 21. Rd1
h6 22. Nf1 Nxc4 23. Bxc4 Rxc4 24. Rxd6 Qxd6 25. bxc4 Rxc4 26. Qxb7 Qd4 27. Qb3
Nxe4 28. Nxe4 Qxe4 29. Qa3 Rb4 30. Qxa6 Rb1 31. Re3 Qd5 32. a4 Qd1 33. h3 Qxa4
34. Qxa4 Bxa4 35. f4 Bb5 36. Rf3 Kh7 37. g4 Kg6 38. Rf2 Kf6 39. Kg2 Rxf1 40. Rxf1
Bxf1+ 41. Kxf1 g5 42. Kf2 gxf4 43. h4 e5 44. Kf3 Kg6 45. Ke4 f6 46. h5+ Kg5 47.
Kf3 Kh4 0-1

[Event "Ogolnopolska Olimpiada Mlodziezy w Sportach Umyslowych - C12"]
[Site "Walbrzych, Zamek Ksiaz"]
[Date "2013-04-18"]
[Round "5.11"]
[White "Szymanowski, Igor"]
[Black "Majocha, Piotr"]
[Result "1/2-1/2"]
[WhiteTitle "II"]
[BlackTitle "II"]
[WhiteElo "1654"]
[BlackElo "1503"]

1. e4 e6 2. d4 d5 3. e5 c5 4. c3 Qb6 5. Nf3 Nc6 6. Bd3 cxd4 7. cxd4 Bd7 8. O-O
Nxd4 9. Nxd4 Qxd4 10. Nc3 a6 11. Qe2 Ne7 12. Kh1 Nc6 13. f4 Nb4 14. Rd1 Bc5 15.
Bxa6 Qf2 16. Bd3 Qxe2 17. Bxe2 f6 18. a3 Nc6 19. exf6 gxf6 20. f5 Bd4 21. fxe6
Bxe6 22. Bb5 Bxc3 23. bxc3 O-O-O 24. Bxc6 bxc6 25. a4 Kb7 26. a5 Ra8 27. Be3 Ka6
28. Bf4 Bf5 29. Rd4 Ra7 30. Bd6 Be4 31. Rb4 Rb7 32. Rxb7 Kxb7 33. a6+ Ka7 34.
Bc5+ Ka8 35. a7 Rc8 36. Ra2 Re8 37. Kg1 Bd3 38. h3 h5 39. Kf2 f5 40. Kf3 Re4 41.
Rb2 Bb5 42. Rb4 Rxb4 43. cxb4 Bf1 44. h4 Kb7 45. Kf2 Bd3 46. Kg3 Be2 47. Kf4 Bg4
48. Ke5 Ka8 49. Kd6 Kb7 50. Bd4 Be2 51. a8=Q+ Kxa8 52. Kxc6 Kb8 53. b5 Bc4 54.
b6 Ba6 55. Kd6 Kb7 56. Ke5 Be2 57. Kxf5 Bg4+ 58. Ke5 Be2 59. Kxd5 Bg4 60. Ke4
Bd1 1/2-1/2

[Event "Ogolnopolska Olimpiada Mlodziezy w Sportach Umyslowych - C12"]
[Site "Walbrzych, Zamek Ksiaz"]
[Date "2013-04-18"]
[Round "5.12"]
[White "Twardowski, Hubert"]
[Black "Poplawski, Maciej"]
[Result "0-1"]
[WhiteTitle "II"]
[BlackTitle "II"]
[WhiteElo "1353"]
[BlackElo "1605"]

1. e4 e6 2. d4 d5 3. Nc3 dxe4 4. Nxe4 Nd7 5. Nf3 Ngf6 6. Nxf6+ Nxf6 7. Bd3 Be7
8. O-O O-O 9. Bg5 b6 10. Bxf6 Bxf6 11. Be4 Rb8 12. Ne5 Bxe5 13. dxe5 Ba6 14. Re1
Qg5 15. Qf3 Rbd8 16. c4 Bxc4 17. Bxh7+ Kxh7 18. Qe4+ Qf5 19. Qh4+ Kg8 20. Qxc4
Rd2 21. Re2 Rxe2 22. Qxe2 Rd8 23. Rc1 Rd5 24. Re1 Qf4 25. g3 Qb4 26. Rd1 c6 27.
a3 Qb3 28. Rd2 Qa4 29. Kg2 Qa5 30. Rxd5 cxd5 31. Qd3 Qc5 32. b4 Qc6 33. Qd4 a5
34. f4 Qc2+ 35. Kf3 Qb3+ 36. Kg4 axb4 37. Qxb6 Qd1+ 38. Kg5 bxa3 39. Qb8+ Kh7
40. Qe8 Qc2 41. Qxf7 Qf5+ 42. Qxf5+ exf5 43. e6 a2 44. e7 a1=Q 45. e8=N d4 46.
Kxf5 d3 47. g4 d2 0-1

[Event "Ogolnopolska Olimpiada Mlodziezy w Sportach Umyslowych - C12"]
[Site "Walbrzych, Zamek Ksiaz"]
[Date "2013-04-18"]
[Round "5.13"]
[White "Mendak, Mateusz"]
[Black "Paliszewski, Dominik"]
[Result "1/2-1/2"]
[WhiteTitle "II"]
[BlackTitle "II"]
[WhiteElo "1565"]
[BlackElo "1600"]

1. e4 c5 2. Nf3 Nc6 3. d4 cxd4 4. Nxd4 Qb6 5. Nb3 Nf6 6. Nc3 e6 7. Be3 Qd8 8. Nb5
a6 9. Nc3 Bb4 10. Bd3 Bxc3+ 11. bxc3 O-O 12. c4 b6 13. O-O Qc7 14. Qd2 Bb7 15.
f3 Rfd8 16. Bf4 Ne5 17. Qc3 d6 18. Bxe5 dxe5 19. Rfd1 Nd7 20. Qd2 Nc5 21. Nxc5
Qxc5+ 22. Qf2 Rac8 23. Rab1 Rd6 24. Rb3 b5 25. Qxc5 Rxc5 26. cxb5 axb5 27. Rdb1
Ba6 28. Bxb5 Bxb5 29. Rxb5 Rc8 30. Rb8 Rdc6 31. Rxc8+ Rxc8 32. c4 Kf8 33. Rc1
Ke7 34. Kf2 Ra8 35. Rc2 Kd6 36. c5+ Kc6 37. Ke2 Ra3 38. Kd2 f5 39. exf5 exf5 40.
Ke2 g5 41. Kf2 h5 42. h3 h4 43. Ke2 e4 44. Kf2 1/2-1/2

[Event "Ogolnopolska Olimpiada Mlodziezy w Sportach Umyslowych - C12"]
[Site "Walbrzych, Zamek Ksiaz"]
[Date "2013-04-18"]
[Round "5.14"]
[White "Ochowicz, Jakub"]
[Black "Krawczyk, Piotr"]
[Result "1-0"]
[WhiteTitle "II"]
[BlackTitle "II"]
[WhiteElo "1597"]
[BlackElo "1439"]

1. e4 e5 2. Nf3 Nf6 3. Nxe5 d6 4. Nf3 Nxe4 5. Nc3 Nxc3 6. dxc3 Be7 7. Bf4 Nc6 8.
Qd2 Be6 9. O-O-O Qd7 10. Ng5 O-O-O 11. Nxe6 fxe6 12. f3 e5 13. Be3 d5 14. Bb5
Qe6 15. Bxc6 Qxc6 16. Rhe1 Qa4 17. a3 Bxa3 18. bxa3 Qxa3+ 19. Kb1 d4 20. cxd4
Rd6 21. d5 Ra6 22. c3 c5 23. dxc6 Qa1+ 24. Kc2 Ra2+ 25. Kb3 Ra3+ 26. Kc4 Ra4+
27. Kd5 bxc6+ 28. Ke6 Qa2+ 29. Qxa2 Rxa2 30. Kxe5 Rxg2 31. Bxa7 Rxh2 32. Rb1 Re8+
33. Kd6 Rh6+ 34. Kc5 Rxe1 35. Rxe1 Kd7 36. Kc4 Rf6 37. Re3 Rf5 38. Bd4 g6 39.
Kd3 Rf4 40. Ke2 Rf5 41. Re5 Rf7 42. c4 Kd6 43. c5+ Kd7 44. Kf2 Rf8 45. Kg3 Rg8
46. Kg4 h6 47. Re4 g5 48. Bf6 1-0